000 01147nam a2200265 i 4500
001 27919
003 ES-MaACL
005 20250916194302.0
007 t|
008 030115s1877 sp ||||1| spa d
080 _a017.1(460.27 M.)
110 2 _aEspaña.
_bConsejo de Estado.
_bBiblioteca.
_9156972
245 1 0 _aCatálogo de la biblioteca del Consejo del Estado
_b: creada por Francisco Stª Cruz y reunida por su sucesor el Marqués de Barzanallana /
_cordenado por Antonio Balbin de Unquera.
260 _aMadrid :
_b[s.n.],
_c1877 (
_fMiguel Ginesta)
300 _aXLIV, 420 p. ;
_c23 cm.
530 _aDisponible en formato digital.
610 1 7 _aEspaña.
_bConsejo de Estado.
_bArchivo-Biblioteca-
_vCatálogos
_2
_9156973
700 1 _aGarcía Barzanallana, Manuel,
_cMarqués de Barzanallana,
_d1817-1892
_954240
700 1 _aBalbín de Unquera, Antonio,
_d1842-1919
_924846
700 1 _aSanta Cruz, Francisco,
_d1797-1883
_9157021
852 _aES-MaACL
_jC-2633
852 _aES-MaACL
_jB-1015
856 _uhttp://bdh-rd.bne.es/viewer.vm?id=0000103352&page=1
_zBiblioteca Digital Hispánica
999 _c27919
_d27919